Investičné možnosti klienta na Slovenskom bankovom trhu diplomová práca

Salvato in:
Dettagli Bibliografici
Autore principale: Mezei, Adrian
Ente Autore: Národohospodárska fakulta EU. Katedra bankovníctva a medzinárodných financií
Altri autori: Tkáčová, Daniela, 1954-
Natura: Libro
Lingua:slovacco
Pubblicazione: Bratislava 2018
Tags: Aggiungi Tag
Nessun Tag, puoi essere il primo ad aggiungerne!!

MARC

LEADER 00000nbm a2200000 4500
001 0244282
005 20181126104832.1
041 0 |a slo 
044 |a SK 
245 1 0 |a Investičné možnosti klienta na Slovenskom bankovom trhu  |b diplomová práca  |c Adrian Mezei ; školiteľ: Daniela Tkáčová 
264 1 |a Bratislava  |c 2018 
300 |a 72 s. 
100 1 |a Mezei, Adrian 
700 1 |a Tkáčová, Daniela, 1954- 
710 2 |a Národohospodárska fakulta EU. Katedra bankovníctva a medzinárodných financií